LEADER 01622nam 2200529 450 001 9910464327703321 005 20200520144314.0 010 $a1-68015-773-6 010 $a0-87389-847-8 035 $a(CKB)3710000000149892 035 $a(EBL)3002630 035 $a(SSID)ssj0001263079 035 $a(PQKBManifestationID)12533743 035 $a(PQKBTitleCode)TC0001263079 035 $a(PQKBWorkID)11220892 035 $a(PQKB)11401176 035 $a(MiAaPQ)EBC3002630 035 $a(Au-PeEL)EBL3002630 035 $a(CaPaEBR)ebr10929592 035 $a(OCoLC)929147961 035 $a(EXLCZ)993710000000149892 100 $a20121022h20122013 uy| 0 101 0 $aeng 135 $aur|n|---||||| 181 $ctxt 182 $cc 183 $acr 200 04$aThe ASQ auditing handbook $eprinciples, implementation, and use /$fASQ Audit Division ; J.P. Russell, editor 205 $aFourth edition. 210 1$aMilwaukee, Wisconsin :$cASQ Quality Press,$d2012. 210 4$d©2013 215 $a1 online resource (399 p.) 300 $aRevised edition of: The quality audit handbook. 3rd edition c2005. 320 $aIncludes bibliographical references (pages 351-357) and index. 606 $aAuditing$vHandbooks, manuals, etc 608 $aElectronic books. 615 0$aAuditing 676 $a657/.45 702 $aRussell$b J. P$g(James P.),$f1945- 712 02$aASQ Quality Audit Division, 801 0$bMiAaPQ 801 1$bMiAaPQ 801 2$bMiAaPQ 906 $aBOOK 912 $a9910464327703321 996 $aThe ASQ auditing handbook$92245458 997 $aUNINA LEADER 02785oam 2200493 450 001 9910812292703321 005 20210528113928.0 010 $a1-119-80170-2 010 $a1-119-80171-0 010 $a1-119-80169-9 035 $a(CKB)4100000011646172 035 $a(MiAaPQ)EBC6420841 035 $a(OCoLC)1226582007 035 $a(OCoLC-P)1226582007 035 $a(CaSebORM)9781786304186 035 $a(PPN)268708096 035 $a(EXLCZ)994100000011646172 100 $a20210528d2020 uy 0 101 0 $aeng 135 $aurcnu|||||||| 181 $ctxt$2rdacontent 182 $cc$2rdamedia 183 $acr$2rdacarrier 200 10$aIntroduction to experimental linguistics /$fChristelle Gillioz, Sandrine Zufferey 210 1$aLondon, England :$cISTE, Ltd. ;$aHoboken, New Jersey :$cJohn Wiley & Sons, Incorporated,$d[2020] 210 4$d©2020 215 $a1 online resource (262 pages) $cillustrations 225 0 $aCognitive science series 311 $a1-78630-418-X 320 $aIncludes bibliographical references and index. 327 $aExperimental Linguistics: General Principles -- Building a Valid and Reliable Experiment -- Studying Linguistic Productions -- Offline Methods for Studying Language Comprehension -- Online Methods for Studying Language Comprehension -- Practical Aspects for Designing an Experiment -- Introduction to Quantitative Data Processing and Analysis. 330 $aThe use of experimental methodology in the field of linguistics has boomed in recent decades. However, implementation of such methods does require an understanding and mastery of specific theoretical and methodological principles. Introduction to Experimental Linguistics presents the key concepts of experimental linguistics in an accessible way, addressing, in turn: the application of experimentation in linguistics; the techniques most frequently used for the study of language; the methodological and practical aspects useful for the implementation of an experiment; and an introduction to the analysis of quantitative data derived from experiments. This didactic book combines the elements presented with examples drawn from the various fields of linguistics. It also includes a number of resources available for people who wish to implement an experimental study, more advanced reading suggestions, and revision questions along with their answer key. 606 $aLinguistics$xResearch 615 0$aLinguistics$xResearch. 676 $a410.72 700 $aGillioz$b Christelle$01620834 702 $aZufferey$b Sandrine 801 0$bMiAaPQ 801 1$bMiAaPQ 801 2$bUtOrBLW 906 $aBOOK 912 $a9910812292703321 996 $aIntroduction to experimental linguistics$93953844 997 $aUNINA